'Sounds the Same' Slideshow V Quiz Stats

Quiz Updated Oct 1, 2015

Challenge
Share
Tweet
Score 0/18 Timer 05:00
2 Plays Today
% Correct
plain & plane
96.6%
pedal & petal
95.8%
whine & wine
92.6%
rain & rein
90.4%
vane & vein
88.3%
bail & bale
87.3%
boar & bore
84.8%
poor & pour
82.4%
knit & nit
79%
% Correct
cue & queue
79%
peer & pier
75.8%
heart & hart
72.8%
jam & jamb
69.6%
poll & pole
61.6%
bridal & bridle
60.6%
loot & lute
47.8%
tool & tulle
31.5%
gnu & Nu
22.9%

You're not logged in!

Compare scores with friends on all Sporcle quizzes.
Sign Up with Email
OR
Log In

You Might Also Like...

Show Comments

Extras

Top Quizzes Today


Score Distribution

Your Account Isn't Verified!

In order to create a playlist on Sporcle, you need to verify the email address you used during registration. Go to your Sporcle Settings to finish the process.